000 01617cam a22004697a 4500
003 CHAP
005 20220329141914.0
008 980515d1996 mx a r 00110 spa d
010 _a75535
011 _a76507
020 _a9687417102
035 _a86092
040 _cCHAP
082 0 4 _a627
_bL47 1996
100 0 0 _aLevi Lattes, Enzo.
_966436
245 1 0 _aTratado elemental de hidráulica
_c/por Enzo Levi Lattes
250 _a2 ed.
260 _aJiutepec, Mor. :
_bInstituto Mexicano de Tecnología del Agua,
_c1996.
300 _a303 p. :
_bilus. ; gráfs. ; mapa
410 _aIMTA
490 0 _aColección clásicos del agua
590 _aBATCH-UPD
_b10
_c20130110
_lUCH01
_h0242
590 _aBATCH-UPD
_b10
_c20130110
_lUCH01
_h0915
590 _aBATCH-UPD
_b10
_c20130409
_lUCH01
_h2310
590 _aBATCH-UPD
_b10
_c20130410
_lUCH01
_h1609
590 _aBATCH-UPD
_b10
_c20130914
_lUCH01
_h0831
590 _aCONVERSION
_b10
_c20130109
_lUCH01
_h1341
650 1 4 _aCanales.
_918255
650 1 4 _aCorrientes de agua.
_928260
650 1 4 _aEvaporación.
_938964
650 1 4 _aHidráulica.
_955219
650 1 4 _aLluvia
_xMéxico.
_967328
650 1 4 _aPresas.
_991480
810 0 0 _aIMTA
_957510
830 0 0 _aColección clásicos del agua
_924755
901 _aBK
905 _aLilia Sánchez G.
942 _cLIBRO
949 _a627 L47 1996
_bBC
_cLIBRO
_d33724000594941
_eLIBRO
_gI.192720
_h93087
_i86092
_si
_t$150.00
949 _a627 L47 1996
_bBC
_cLIBRO
_d33724000748877
_eLIBRO
_fc.2
_h97145
_i86092
_si
949 _a627 L47 1996
_bBC
_cLIBRO
_d33724000777892
_eLIBRO
_fc.3
_gI.203200
_h27726
_i86092
_st
_t$128.00
999 _c75535
_d75535